Modern pediatric dentistry (Record no. 32086)

MARC details
000 -LEADER
fixed length control field 00625nam a2200157 a 4500
008 - FIXED-LENGTH DATA ELEMENTS--GENERAL INFORMATION
fixed length control field 160125s2011 ||||||||||||||||| || u
020 ## - INTERNATIONAL STANDARD BOOK NUMBER
International Standard Book Number 9789350251898
050 ## - LIBRARY OF CONGRESS CALL NUMBER
Classification number RK 55.C5 Sri
100 ## - MAIN ENTRY--PERSONAL NAME
Personal name Srivastava, Vinay Kumar
245 10 - TITLE STATEMENT
Title Modern pediatric dentistry
Statement of responsibility, etc. By Vinay Kumar Srivastava
260 ## - PUBLICATION, DISTRIBUTION, ETC.
Place of publication, distribution, etc. New Delhi:
Name of publisher, distributor, etc. Jaypee Brothers Medical publishers
Date of publication, distribution, etc. 2011
300 ## - PHYSICAL DESCRIPTION
Extent xxvi, 364p.: ill.
350 ## -
-- 80.00
650 ## - SUBJECT ADDED ENTRY--TOPICAL TERM
Topical term or geographic name entry element PEDODONTICS
995 ## -
-- MICHAEL CHILUFYA SATA OPEN ACCESS
-- 903588
-- CBU-SCHOOL OF MEDICINE LIBRARY (Ndola)
-- 80.00
-- RK 55.C5 Sri
-- 1
-- AVAILABLE
-- Jan 27, 2016
-- 903588
-- Medical Library Open Access Collection
999 ## -
-- 32086
-- 32086
Holdings
Withdrawn status Lost status Source of classification or shelving scheme Damaged status Not for loan Permanent Location Current Location Shelving location Date acquired Total Checkouts Full call number Barcode Date last seen Price effective from Koha item type
          CBU-SCHOOL OF MEDICINE LIBRARY, NDOLA. CBU-SCHOOL OF MEDICINE LIBRARY, NDOLA.   11/30/2022   RK 55.C5 Sri 903588 11/30/2022 11/30/2022 MONOGRAPH